[Event "II Magistral Blitz Quart"]
[Site "Quart de Poblet, Spain"]
[Date "2019.08.08"]
[Round "9.1"]
[White "Galvan Cipriani, Viviana"]
[Black "Kovacevic, Slobodan"]
[Result "0-1"]
[WhiteElo "2015"]
[BlackElo "2395"]
[PlyCount "70"]
[EventDate "2019.??.??"]

1. c4 {[%clk 00:07:05]} 1... c5 {[%clk 00:07:06]} 2. Nc3 {[%clk 00:07:06]} 2...
Nf6 {[%clk 00:07:08]} 3. g3 {[%clk 00:07:06]  [%emt 00:00:05]} 3... e6 {
[%clk 00:07:10]} 4. e4 {[%clk 00:06:35]  [%emt 00:00:32]} 4... d6 {
[%clk 00:07:11]} 5. Bg2 {[%clk 00:06:36]  [%emt 00:00:06]} 5... a6 {
[%clk 00:07:14]} 6. Nge2 {[%clk 00:06:33]  [%emt 00:00:09]} 6... Qc7 {
[%clk 00:07:16]} 7. d3 {[%clk 00:06:31]  [%emt 00:00:04]} 7... Be7 {
[%clk 00:07:17]} 8. h3 {[%clk 00:06:27]  [%emt 00:00:09]} 8... Nc6 {
[%clk 00:07:19]} 9. Be3 {[%clk 00:06:28]  [%emt 00:00:05]} 9... Rb8 {
[%clk 00:07:21]} 10. O-O {[%clk 00:06:03]  [%emt 00:00:24]} 10... b5 {
[%clk 00:07:23]} 11. b3 {[%clk 00:06:04]  [%emt 00:00:05]} 11... O-O {
[%clk 00:07:25]} 12. f4 {[%clk 00:06:06]  [%emt 00:00:04]} 12... b4 {
[%clk 00:07:23]  [%emt 00:00:05]} 13. Na4 {[%clk 00:06:06]  [%emt 00:00:04]}
13... e5 {[%clk 00:07:21]  [%emt 00:00:05]} 14. f5 {
[%clk 00:06:06]  [%emt 00:00:05]} 14... h6 {[%clk 00:07:23]} 15. g4 {
[%clk 00:06:07]} 15... Nh7 {[%clk 00:07:26]} 16. Ng3 {
[%clk 00:05:41]  [%emt 00:00:25]} 16... Nd4 {[%clk 00:07:28]} 17. Qd2 {
[%clk 00:05:39]  [%emt 00:00:11]} 17... Qd8 {[%clk 00:07:29]} 18. Nh5 {
[%clk 00:04:51]  [%emt 00:00:48]} 18... Kh8 {[%clk 00:07:31]} 19. Rf2 {
[%clk 00:03:11]  [%emt 00:01:43]} 19... Bh4 {[%clk 00:07:29]  [%emt 00:00:06]}
20. Rff1 {[%clk 00:03:11]  [%emt 00:00:05]} 20... Rg8 {
[%clk 00:07:24]  [%emt 00:00:05]} 21. f6 {[%clk 00:01:43]  [%emt 00:01:41]}
21... g6 {[%clk 00:04:16]  [%emt 00:03:00]} 22. Bxh6 {
[%clk 00:01:38]  [%emt 00:00:09]} 22... gxh5 {[%clk 00:04:15]  [%emt 00:00:06]}
23. Bg7+ {[%clk 00:01:40]} 23... Rxg7 {[%clk 00:04:17]  [%emt 00:00:05]} 24.
fxg7+ {[%clk 00:01:42]} 24... Kxg7 {[%clk 00:04:18]} 25. gxh5 {
[%clk 00:01:04]  [%emt 00:00:40]} 25... Be6 {[%clk 00:04:13]  [%emt 00:00:08]}
26. Kh1 {[%clk 00:00:32]  [%emt 00:00:36]} 26... Bg5 {
[%clk 00:04:14]  [%emt 00:00:05]} 27. Qf2 {[%clk 00:00:25]  [%emt 00:00:06]}
27... Bf4 {[%clk 00:04:12]  [%emt 00:00:04]} 28. Rg1 {
[%clk 00:00:19]  [%emt 00:00:09]} 28... Kh8 {[%clk 00:04:14]} 29. Nb2 {
[%clk 00:00:05]  [%emt 00:00:18]} 29... Qf6 {[%clk 00:04:09]  [%emt 00:00:08]}
30. Raf1 {[%clk 00:00:04]  [%emt 00:00:04]} 30... Qh6 {[%clk 00:04:11]} 31. Nd1
{[%clk 00:00:04]  [%emt 00:00:06]} 31... Qxh5 {[%clk 00:04:05]  [%emt 00:00:06]
} 32. Re1 {[%clk 00:00:04]  [%emt 00:00:04]} 32... Bxh3 {
[%clk 00:04:04]  [%emt 00:00:08]} 33. Rgf1 {[%clk 00:00:05]  [%emt 00:00:05]}
33... Bg4+ {[%clk 00:04:02]} 34. Bh3 {[%clk 00:00:04]  [%emt 00:00:04]} 34...
Qxh3+ {[%clk 00:03:57]  [%emt 00:00:07]} 35. Kg1 {[%clk 00:00:05]} 35... Nf3+ {
[%clk 00:03:55]  [%emt 00:00:10]} 0-1

[Event "II Magistral Blitz Quart"]
[Site "Quart de Poblet, Spain"]
[Date "2019.08.08"]
[Round "9.2"]
[White "Galvan, Jesus"]
[Black "Sanchez Saez, Francisco"]
[Result "0-1"]
[WhiteElo "2200"]
[BlackElo "2186"]
[PlyCount "56"]
[EventDate "2019.??.??"]

1. c4 {[%clk 00:07:05]  [%emt 00:00:08]} 1... g6 {[%clk 00:07:05]} 2. Nc3 {
[%clk 00:07:07]} 2... Bg7 {[%clk 00:07:07]  [%emt 00:00:08]} 3. g3 {
[%clk 00:07:09]} 3... d6 {[%clk 00:07:04]  [%emt 00:00:04]} 4. Bg2 {
[%clk 00:07:11]} 4... c5 {[%clk 00:07:02]  [%emt 00:00:04]} 5. a3 {
[%clk 00:07:13]} 5... Nc6 {[%clk 00:07:04]  [%emt 00:00:03]} 6. Rb1 {
[%clk 00:07:15]} 6... a5 {[%clk 00:07:06]} 7. d3 {
[%clk 00:07:06]  [%emt 00:00:11]} 7... Nf6 {[%clk 00:06:47]  [%emt 00:00:22]}
8. Nf3 {[%clk 00:07:07]  [%emt 00:00:03]} 8... O-O {
[%clk 00:06:31]  [%emt 00:00:14]} 9. O-O {[%clk 00:07:08]  [%emt 00:00:07]}
9... Rb8 {[%clk 00:06:24]  [%emt 00:00:09]} 10. Ne1 {
[%clk 00:07:10]  [%emt 00:00:04]} 10... e6 {[%clk 00:06:01]  [%emt 00:00:22]}
11. Nc2 {[%clk 00:07:04]  [%emt 00:00:31]} 11... d5 {
[%clk 00:06:00]  [%emt 00:00:03]} 12. b4 {[%clk 00:06:57]} 12... axb4 {
[%clk 00:05:51]  [%emt 00:00:03]} 13. axb4 {[%clk 00:06:59]} 13... cxb4 {
[%clk 00:05:05]  [%emt 00:00:46]} 14. Nxb4 {[%clk 00:07:01]} 14... Nxb4 {
[%clk 00:05:06]  [%emt 00:00:19]} 15. Rxb4 {[%clk 00:07:04]} 15... dxc4 {
[%clk 00:04:12]  [%emt 00:00:43]} 16. Rxc4 {[%clk 00:06:53]  [%emt 00:00:11]}
16... b5 {[%clk 00:03:05]  [%emt 00:01:10]} 17. Rb4 {[%clk 00:06:55]} 17... Nd5
{[%clk 00:02:07]  [%emt 00:01:02]} 18. Nxd5 {[%clk 00:06:45]  [%emt 00:00:36]}
18... exd5 {[%clk 00:02:09]} 19. Bf4 {[%clk 00:06:33]} 19... Rb7 {
[%clk 00:01:46]  [%emt 00:00:22]} 20. Qb3 {[%clk 00:06:32]  [%emt 00:00:03]}
20... Bg4 {[%clk 00:00:52]  [%emt 00:00:55]} 21. Bxd5 {
[%clk 00:04:39]  [%emt 00:01:56]} 21... Rd7 {[%clk 00:00:54]  [%emt 00:00:08]}
22. Bc6 {[%clk 00:04:41]} 22... Bxe2 {[%clk 00:00:50]  [%emt 00:00:04]} 23.
Bxd7 {[%clk 00:04:43]} 23... Qxd7 {[%clk 00:00:19]  [%emt 00:00:36]} 24. Rxb5 {
[%clk 00:04:28]  [%emt 00:00:15]} 24... Bf3 {[%clk 00:00:06]  [%emt 00:00:18]}
25. d4 {[%clk 00:04:29]  [%emt 00:00:04]} 25... Bc6 {
[%clk 00:00:08]  [%emt 00:00:04]} 26. Rb8 {[%clk 00:04:08]  [%emt 00:00:16]}
26... Rxb8 {[%clk 00:00:06]  [%emt 00:00:15]} 27. Bxb8 {
[%clk 00:04:04]  [%emt 00:00:07]} 27... Bxd4 {[%clk 00:00:04]  [%emt 00:00:03]}
28. Rd1 {[%clk 00:04:06]} 28... Qh3 {[%clk 00:00:05]} 0-1

[Event "II Magistral Blitz Quart"]
[Site "Quart de Poblet, Spain"]
[Date "2019.08.08"]
[Round "9.3"]
[White "Ordonez Carrasco, Jorge"]
[Black "Movsisyan, Tigran"]
[Result "1-0"]
[WhiteElo "1559"]
[BlackElo "1310"]
[PlyCount "75"]
[EventDate "2019.??.??"]

1. e4 {[%clk 00:07:05]} 1... d5 {[%clk 00:07:06]  [%emt 00:00:06]} 2. exd5 {
[%clk 00:07:07]} 2... Qxd5 {[%clk 00:07:09]} 3. Nc3 {[%clk 00:07:08]} 3... Qa5
{[%clk 00:07:11]} 4. Bc4 {[%clk 00:07:09]  [%emt 00:00:11]} 4... Nf6 {
[%clk 00:07:13]} 5. d3 {[%clk 00:07:11]} 5... c6 {
[%clk 00:07:12]  [%emt 00:00:08]} 6. Bd2 {[%clk 00:07:11]} 6... Qc7 {
[%clk 00:07:14]} 7. Qe2 {[%clk 00:07:08]} 7... Bg4 {
[%clk 00:07:09]  [%emt 00:00:09]} 8. f3 {[%clk 00:07:09]  [%emt 00:00:04]} 8...
Bh5 {[%clk 00:07:09]  [%emt 00:00:04]} 9. g4 {[%clk 00:07:01]  [%emt 00:00:08]}
9... Bg6 {[%clk 00:07:12]} 10. f4 {[%clk 00:07:02]  [%emt 00:00:03]} 10... h6 {
[%clk 00:06:47]  [%emt 00:00:27]} 11. O-O-O {[%clk 00:06:37]  [%emt 00:00:29]}
11... Nbd7 {[%clk 00:06:47]} 12. h3 {[%clk 00:06:19]  [%emt 00:00:21]} 12... e6
{[%clk 00:06:40]  [%emt 00:00:35]} 13. f5 {[%clk 00:06:10]} 13... Bh7 {
[%clk 00:06:40]} 14. fxe6 {[%clk 00:06:06]  [%emt 00:00:03]} 14... fxe6 {
[%clk 00:06:42]} 15. Qxe6+ {[%clk 00:05:50]  [%emt 00:00:12]} 15... Be7 {
[%clk 00:06:41]  [%emt 00:00:13]} 16. Re1 {[%clk 00:05:42]  [%emt 00:00:11]}
16... O-O-O {[%clk 00:03:26]  [%emt 00:03:09]} 17. Qxe7 {
[%clk 00:05:02]  [%emt 00:00:43]} 17... Rde8 {[%clk 00:03:28]  [%emt 00:00:26]}
18. Qb4 {[%clk 00:04:58]} 18... Rxe1+ {[%clk 00:02:53]  [%emt 00:00:20]} 19.
Bxe1 {[%clk 00:05:00]  [%emt 00:00:13]} 19... Qf4+ {[%clk 00:02:55]} 20. Kb1 {
[%clk 00:04:52]  [%emt 00:00:08]} 20... Qf1 {[%clk 00:02:52]  [%emt 00:00:04]}
21. Nce2 {[%clk 00:04:47]  [%emt 00:00:04]} 21... Re8 {
[%clk 00:01:56]  [%emt 00:00:57]} 22. Rh2 {[%clk 00:04:20]  [%emt 00:00:31]}
22... Rxe2 {[%clk 00:00:21]  [%emt 00:01:38]} 23. Nxe2 {
[%clk 00:04:09]  [%emt 00:00:21]} 23... Ne5 {[%clk 00:00:23]} 24. Be6+ {
[%clk 00:03:54]  [%emt 00:00:11]} 24... Kc7 {[%clk 00:00:17]  [%emt 00:00:35]}
25. Rf2 {[%clk 00:03:33]  [%emt 00:00:08]} 25... Qh1 {
[%clk 00:00:13]  [%emt 00:00:03]} 26. Ng3 {[%clk 00:02:31]  [%emt 00:00:59]}
26... Qg1 {[%clk 00:00:14]  [%emt 00:00:36]} 27. Nf5 {
[%clk 00:02:18]  [%emt 00:00:08]} 27... Bxf5 {[%clk 00:00:08]} 28. Bxf5 {
[%clk 00:02:06]  [%emt 00:00:04]} 28... Ned7 {[%clk 00:00:05]  [%emt 00:00:04]}
29. Re2 {[%clk 00:01:52]  [%emt 00:00:13]} 29... Qf1 {
[%clk 00:00:04]  [%emt 00:00:20]} 30. Rf2 {[%clk 00:01:41]} 30... Qh1 {
[%clk 00:00:06]  [%emt 00:00:08]} 31. Qf4+ {[%clk 00:01:35]  [%emt 00:00:04]}
31... Kb6 {[%clk 00:00:06]  [%emt 00:00:04]} 32. Rf1 {
[%clk 00:01:31]  [%emt 00:00:04]} 32... Qd5 {[%clk 00:00:07]  [%emt 00:00:04]}
33. Bf2+ {[%clk 00:01:24]  [%emt 00:00:08]} 33... Ka6 {
[%clk 00:00:07]  [%emt 00:00:04]} 34. Qa4+ {[%clk 00:01:18]  [%emt 00:00:05]}
34... Qa5 {[%clk 00:00:09]  [%emt 00:00:29]} 35. Qxa5+ {[%emt 00:00:04]} 35...
Kxa5 36. Bxd7 {[%clk 00:01:16]} 36... Nxd7 {[%clk 00:00:15]} 37. Be3 {
[%clk 00:01:16]} 37... Ne5 {[%clk 00:00:16]} 38. Rf5 {[%clk 00:01:17]} 1-0

[Event "II Magistral Blitz Quart"]
[Site "Quart de Poblet, Spain"]
[Date "2019.08.08"]
[Round "9.4"]
[White "Redondo Flores, David"]
[Black "Chernikov, Vladimir"]
[Result "0-1"]
[WhiteElo "2009"]
[BlackElo "2052"]
[PlyCount "64"]
[EventDate "2019.??.??"]

1. e4 {[%clk 00:07:04]  [%emt 00:00:03]} 1... g6 {[%clk 00:07:05]} 2. d4 {
[%clk 00:07:06]} 2... Bg7 {[%clk 00:07:07]} 3. Nc3 {
[%clk 00:07:07]  [%emt 00:00:09]} 3... d6 {[%clk 00:07:09]} 4. f4 {
[%clk 00:07:05]  [%emt 00:00:07]} 4... Nc6 {[%clk 00:07:11]} 5. Be3 {
[%clk 00:06:52]  [%emt 00:00:08]} 5... h5 {[%clk 00:06:45]  [%emt 00:00:31]} 6.
d5 {[%clk 00:06:51]  [%emt 00:00:11]} 6... Nb8 {
[%clk 00:06:30]  [%emt 00:00:09]} 7. Bd4 {[%clk 00:06:41]  [%emt 00:00:34]}
7... Bxd4 {[%clk 00:05:44]  [%emt 00:00:50]} 8. Qxd4 {[%clk 00:06:42]} 8... f6
{[%clk 00:05:21]  [%emt 00:00:09]} 9. Nf3 {[%clk 00:06:23]  [%emt 00:00:18]}
9... e5 {[%clk 00:05:15]  [%emt 00:00:17]} 10. dxe6 {[%clk 00:06:21]} 10...
Bxe6 {[%clk 00:05:05]  [%emt 00:00:10]} 11. O-O-O {
[%clk 00:06:10]  [%emt 00:00:15]} 11... Nc6 {[%clk 00:04:55]  [%emt 00:00:12]}
12. Bb5 {[%clk 00:06:11]  [%emt 00:00:08]} 12... Qd7 {
[%clk 00:04:23]  [%emt 00:00:41]} 13. Qa4 {[%clk 00:04:27]  [%emt 00:01:35]}
13... a6 {[%clk 00:03:48]  [%emt 00:00:39]} 14. Nd4 {
[%clk 00:04:27]  [%emt 00:00:05]} 14... Nge7 {[%clk 00:03:11]  [%emt 00:00:44]}
15. Nxe6 {[%clk 00:02:59]  [%emt 00:01:28]} 15... Qxe6 {
[%clk 00:03:11]  [%emt 00:00:10]} 16. Nd5 {[%clk 00:02:51]  [%emt 00:00:04]}
16... O-O-O {[%clk 00:02:40]  [%emt 00:00:31]} 17. Nxe7+ {
[%clk 00:01:42]  [%emt 00:01:11]} 17... Nxe7 {[%clk 00:02:37]  [%emt 00:00:31]}
18. Bd3 {[%clk 00:01:32]  [%emt 00:00:05]} 18... Qg4 {
[%clk 00:02:16]  [%emt 00:00:07]} 19. g3 {[%clk 00:01:33]  [%emt 00:00:40]}
19... Nc6 {[%clk 00:02:14]} 20. Bxa6 {[%clk 00:01:30]} 20... Ne7 {
[%clk 00:01:08]  [%emt 00:00:45]} 21. Bb5 {[%clk 00:01:24]  [%emt 00:00:10]}
21... Kb8 {[%clk 00:01:09]} 22. Rd3 {[%clk 00:01:26]  [%emt 00:00:03]} 22... c6
{[%clk 00:01:06]  [%emt 00:00:04]} 23. Bc4 {[%clk 00:01:15]  [%emt 00:00:24]}
23... d5 {[%clk 00:00:27]  [%emt 00:00:33]} 24. exd5 {
[%clk 00:01:11]  [%emt 00:00:07]} 24... Nxd5 {[%clk 00:00:28]  [%emt 00:00:04]}
25. Ra3 {[%clk 00:00:53]  [%emt 00:00:17]} 25... Nb6 {
[%clk 00:00:28]  [%emt 00:00:07]} 26. Qa7+ {[%clk 00:00:47]  [%emt 00:00:05]}
26... Kc7 {[%clk 00:00:30]  [%emt 00:00:32]} 27. Rb3 {[%clk 00:00:46]} 27...
Nxc4 {[%clk 00:00:17]  [%emt 00:00:04]} 28. Rxb7+ {[%clk 00:00:43]} 28... Kd6 {
[%clk 00:00:19]  [%emt 00:00:04]} 29. Rd1+ {[%clk 00:00:38]} 29... Ke6 {
[%clk 00:00:10]  [%emt 00:00:07]} 30. Re7+ {[%clk 00:00:34]  [%emt 00:00:11]}
30... Kf5 {[%clk 00:00:13]} 31. Qc5+ {[%clk 00:00:27]  [%emt 00:00:07]} 31...
Ne5 {[%clk 00:00:15]  [%emt 00:00:24]} 32. fxe5 {[%clk 00:00:21]} 32... Qxd1# {
[%emt 00:00:13]} 0-1

[Event "II Magistral Blitz Quart"]
[Site "Quart de Poblet, Spain"]
[Date "2019.08.08"]
[Round "9.5"]
[White "Hassomal Daswani, Birjkumar"]
[Black "Lara Lopez, Jose"]
[Result "0-1"]
[WhiteElo "1971"]
[BlackElo "2271"]
[PlyCount "108"]
[EventDate "2019.??.??"]

1. e4 {[%clk 00:07:05]  [%emt 00:00:08]} 1... e6 {
[%clk 00:07:04]  [%emt 00:00:04]} 2. d4 {[%clk 00:07:07]} 2... d5 {
[%clk 00:07:05]} 3. Nd2 {[%clk 00:07:08]} 3... Nf6 {
[%clk 00:07:04]  [%emt 00:00:04]} 4. e5 {[%clk 00:07:10]  [%emt 00:00:06]} 4...
Nfd7 {[%clk 00:07:05]} 5. c3 {[%clk 00:07:12]} 5... c5 {[%clk 00:07:07]} 6.
Ngf3 {[%clk 00:07:14]} 6... Nc6 {[%clk 00:07:05]  [%emt 00:00:06]} 7. Bd3 {
[%clk 00:07:12]  [%emt 00:00:11]} 7... Be7 {[%clk 00:06:36]  [%emt 00:00:22]}
8. O-O {[%clk 00:07:12]  [%emt 00:00:39]} 8... h6 {
[%clk 00:06:22]  [%emt 00:00:03]} 9. Re1 {[%clk 00:07:14]} 9... Qb6 {
[%clk 00:06:19]} 10. a3 {[%clk 00:06:53]  [%emt 00:00:09]} 10... a5 {
[%clk 00:06:05]  [%emt 00:00:17]} 11. dxc5 {[%clk 00:06:48]  [%emt 00:00:41]}
11... Nxc5 {[%clk 00:06:06]} 12. Bc2 {[%clk 00:06:48]} 12... Bd7 {
[%clk 00:05:59]} 13. Nf1 {[%clk 00:06:49]} 13... a4 {
[%clk 00:05:50]  [%emt 00:00:07]} 14. Nd4 {[%clk 00:06:38]  [%emt 00:00:08]}
14... Na5 {[%clk 00:05:28]  [%emt 00:00:20]} 15. Kh1 {
[%clk 00:06:24]  [%emt 00:00:17]} 15... Nc4 {[%clk 00:05:18]  [%emt 00:00:40]}
16. f4 {[%clk 00:05:56]  [%emt 00:00:06]} 16... g6 {
[%clk 00:04:36]  [%emt 00:00:51]} 17. Rb1 {[%clk 00:05:13]  [%emt 00:00:39]}
17... Qc7 {[%clk 00:02:47]  [%emt 00:01:51]} 18. Ne3 {
[%clk 00:05:12]  [%emt 00:00:08]} 18... b5 {[%clk 00:02:33]  [%emt 00:00:13]}
19. Qf3 {[%clk 00:04:20]  [%emt 00:01:19]} 19... Rc8 {
[%clk 00:01:57]  [%emt 00:00:18]} 20. h3 {[%clk 00:04:01]  [%emt 00:00:20]}
20... Bc6 {[%clk 00:01:47]  [%emt 00:00:15]} 21. Re2 {
[%clk 00:03:37]  [%emt 00:00:26]} 21... Ne4 {[%clk 00:01:40]  [%emt 00:00:08]}
22. Bxe4 {[%clk 00:03:27]  [%emt 00:00:13]} 22... dxe4 {
[%clk 00:01:41]  [%emt 00:00:37]} 23. Qf1 {[%clk 00:03:07]  [%emt 00:00:04]}
23... Qb7 {[%clk 00:01:35]  [%emt 00:00:04]} 24. Nxc4 {
[%clk 00:02:48]  [%emt 00:00:36]} 24... bxc4 {[%clk 00:01:36]  [%emt 00:00:03]}
25. Be3 {[%clk 00:02:50]} 25... Bd5 {[%clk 00:01:27]} 26. Nc2 {
[%clk 00:02:45]  [%emt 00:00:04]} 26... h5 {[%clk 00:01:08]  [%emt 00:00:16]}
27. Kh2 {[%clk 00:02:42]  [%emt 00:00:07]} 27... Qc7 {
[%clk 00:01:05]  [%emt 00:00:05]} 28. Qf2 {[%clk 00:02:41]  [%emt 00:00:03]}
28... Rb8 {[%clk 00:01:04]  [%emt 00:00:05]} 29. Ree1 {
[%clk 00:02:28]  [%emt 00:00:14]} 29... O-O {[%clk 00:01:00]  [%emt 00:00:26]}
30. Red1 {[%clk 00:02:21]  [%emt 00:00:06]} 30... Rfc8 {[%clk 00:00:56]} 31.
Qe1 {[%clk 00:02:23]} 31... Bc5 {[%clk 00:00:57]} 32. Bxc5 {
[%clk 00:02:17]  [%emt 00:00:09]} 32... Qxc5 {[%clk 00:00:58]  [%emt 00:00:03]}
33. Qe3 {[%clk 00:02:16]} 33... Qxe3 {[%clk 00:00:48]  [%emt 00:00:10]} 34.
Nxe3 {[%clk 00:02:18]  [%emt 00:00:11]} 34... Rb5 {[%clk 00:00:50]} 35. Nc2 {
[%clk 00:02:06]  [%emt 00:00:17]} 35... e3 {[%clk 00:00:44]  [%emt 00:00:07]}
36. Nd4 {[%clk 00:01:57]  [%emt 00:00:04]} 36... Rb6 {
[%clk 00:00:42]  [%emt 00:00:06]} 37. Re1 {[%clk 00:01:58]  [%emt 00:00:04]}
37... Be4 {[%clk 00:00:44]} 38. Ra1 {[%clk 00:01:46]  [%emt 00:00:43]} 38...
Rxb2 {[%clk 00:00:46]} 39. Rxe3 {[%clk 00:01:48]} 39... Rxg2+ {
[%clk 00:00:31]  [%emt 00:00:07]} 40. Kh1 {[%clk 00:01:50]} 40... Re2+ {
[%clk 00:00:28]} 41. Rxe4 {[%clk 00:01:42]  [%emt 00:00:07]} 41... Rxe4 {
[%clk 00:00:29]} 42. Rb1 {[%clk 00:01:33]  [%emt 00:00:10]} 42... Re3 {
[%clk 00:00:27]  [%emt 00:00:06]} 43. Rb6 {[%clk 00:00:45]  [%emt 00:00:50]}
43... Rxc3 {[%clk 00:00:26]  [%emt 00:00:06]} 44. Nc6 {[%clk 00:00:48]} 44...
Kg7 {[%clk 00:00:23]  [%emt 00:00:04]} 45. Nd4 {
[%clk 00:00:42]  [%emt 00:00:08]} 45... Rd8 {[%clk 00:00:22]  [%emt 00:00:04]}
46. Nb5 {[%clk 00:00:43]  [%emt 00:00:03]} 46... Rc2 {
[%clk 00:00:23]  [%emt 00:00:08]} 47. Nd6 {[%clk 00:00:42]  [%emt 00:00:03]}
47... Rd7 {[%clk 00:00:12]  [%emt 00:00:08]} 48. Rb8 {
[%clk 00:00:35]  [%emt 00:00:08]} 48... Ra2 {[%clk 00:00:06]  [%emt 00:00:11]}
49. Ne8+ {[%clk 00:00:36]  [%emt 00:00:04]} 49... Kh6 {
[%clk 00:00:05]  [%emt 00:00:04]} 50. Nd6 {[%clk 00:00:35]  [%emt 00:00:03]}
50... g5 {[%clk 00:00:06]  [%emt 00:00:04]} 51. Rh8+ {
[%clk 00:00:05]  [%emt 00:00:31]} 51... Kg7 {[%clk 00:00:08]  [%emt 00:00:20]}
52. Rxh5 {[%clk 00:00:06]} 52... gxf4 {[%clk 00:00:09]  [%emt 00:00:03]} 53.
Rg5+ {[%clk 00:00:08]} 53... Kh6 {[%clk 00:00:10]} 54. Rg4 {[%clk 00:00:10]}
54... f6 {[%clk 00:00:04]  Bandera} 0-1

[Event "II Open Internacional Blitz Quart de Pob"]
[Site "Quart de Poblet, Spain"]
[Date "2019.08.10"]
[Round "1.1"]
[White "Santos Saura, Iobhar"]
[Black "Plaskett, H James"]
[Result "0-1"]
[WhiteElo "1644"]
[BlackElo "2474"]
[PlyCount "74"]
[EventDate "2019.??.??"]

1. e4 {[%clk 00:07:05]} 1... c6 {[%clk 00:07:03]  [%emt 00:00:05]} 2. d4 {
[%clk 00:07:06]  [%emt 00:00:04]} 2... d5 {[%clk 00:07:06]} 3. Nc3 {
[%clk 00:07:08]  [%emt 00:00:05]} 3... dxe4 {[%clk 00:07:06]} 4. Nxe4 {
[%clk 00:07:09]} 4... Bf5 {[%clk 00:07:07]} 5. Ng3 {
[%clk 00:07:11]  [%emt 00:00:04]} 5... Bg6 {[%clk 00:07:08]} 6. h4 {
[%clk 00:07:13]  [%emt 00:00:04]} 6... h6 {[%clk 00:07:11]} 7. Nf3 {
[%clk 00:07:08]  [%emt 00:00:05]} 7... Nd7 {[%clk 00:07:11]  [%emt 00:00:14]}
8. h5 {[%clk 00:07:09]} 8... Bh7 {[%clk 00:07:13]} 9. Bd3 {[%clk 00:07:10]}
9... Bxd3 {[%clk 00:07:14]  [%emt 00:00:04]} 10. Qxd3 {[%clk 00:07:11]} 10...
Ngf6 {[%clk 00:07:14]} 11. Bd2 {[%clk 00:07:12]} 11... Qc7 {
[%clk 00:07:11]  [%emt 00:00:09]} 12. O-O-O {[%clk 00:07:09]  [%emt 00:00:05]}
12... e6 {[%clk 00:07:08]  [%emt 00:00:05]} 13. c4 {
[%clk 00:07:09]  [%emt 00:00:05]} 13... O-O-O {[%clk 00:06:59]  [%emt 00:00:08]
} 14. Bc3 {[%clk 00:06:36]  [%emt 00:00:35]} 14... Be7 {
[%clk 00:06:39]  [%emt 00:00:24]} 15. Kb1 {[%clk 00:05:58]  [%emt 00:00:42]}
15... Kb8 {[%clk 00:06:39]  [%emt 00:00:09]} 16. Qc2 {
[%clk 00:05:51]  [%emt 00:00:05]} 16... b5 {[%clk 00:06:35]  [%emt 00:00:05]}
17. Qb3 {[%clk 00:05:34]  [%emt 00:00:21]} 17... Qb7 {
[%clk 00:06:32]  [%emt 00:00:05]} 18. Ne5 {[%clk 00:05:03]  [%emt 00:00:37]}
18... Nxe5 {[%clk 00:06:15]  [%emt 00:00:17]} 19. dxe5 {
[%clk 00:05:04]  [%emt 00:00:05]} 19... Nd7 {[%clk 00:06:11]  [%emt 00:00:07]}
20. cxb5 {[%clk 00:05:03]  [%emt 00:00:05]} 20... cxb5 {
[%clk 00:06:00]  [%emt 00:00:10]} 21. f3 {[%clk 00:04:39]  [%emt 00:00:27]}
21... Nc5 {[%clk 00:06:01]} 22. Qc2 {[%clk 00:04:36]  [%emt 00:00:11]} 22...
Rc8 {[%clk 00:06:03]} 23. Rc1 {[%clk 00:03:08]  [%emt 00:01:29]} 23... b4 {
[%clk 00:05:22]  [%emt 00:00:43]} 24. Bd2 {[%clk 00:02:16]  [%emt 00:00:55]}
24... Rhd8 {[%clk 00:05:16]  [%emt 00:00:10]} 25. Rcd1 {
[%clk 00:01:40]  [%emt 00:00:39]} 25... Nd3 {[%clk 00:05:14]  [%emt 00:00:05]}
26. Qb3 {[%clk 00:01:30]  [%emt 00:00:14]} 26... Nf2 {[%emt 00:00:05]} 27. Bf4
{[%clk 00:01:07]  [%emt 00:00:21]} 27... Nxd1 {[%clk 00:05:14]  [%emt 00:00:05]
} 28. Rxd1 {[%clk 00:01:08]} 28... Rxd1+ {[%clk 00:05:14]  [%emt 00:00:07]} 29.
Qxd1 {[%clk 00:01:10]} 29... Ka8 {[%clk 00:05:15]  [%emt 00:00:05]} 30. Ne4 {
[%clk 00:01:09]} 30... Qc6 {[%clk 00:05:17]  [%emt 00:00:05]} 31. g4 {
[%clk 00:00:25]  [%emt 00:00:43]} 31... Kb7 {[%clk 00:05:07]  [%emt 00:00:12]}
32. Nd6+ {[%clk 00:00:21]  [%emt 00:00:08]} 32... Bxd6 {[%clk 00:05:09]} 33.
exd6 {[%clk 00:00:23]  [%emt 00:00:05]} 33... f6 {[%clk 00:05:11]} 34. Qd2 {
[%clk 00:00:07]  [%emt 00:00:18]} 34... a5 {[%clk 00:05:11]  [%emt 00:00:06]}
35. d7 {[%clk 00:00:06]  [%emt 00:00:05]} 35... Rd8 {[%clk 00:05:12]} 36. Be3 {
[%clk 00:00:06]} 36... Rxd7 {[%clk 00:05:13]  [%emt 00:00:05]} 37. Qf2 {
[%clk 00:00:05]  [%emt 00:00:04]} 37... Rd1+ {[%clk 00:05:12]  [%emt 00:00:04]}
0-1